000 00585nam a2200193 i 4500
001 93906
003 ES-MaACL
005 20250821111321.0
007 t|
008 050422s1974 sp ||||1| spa d
100 1 _aLópez Piñero, José María.
_973895
245 1 0 _aIntroducción a la medicina /
_cJosé María López Piñero, Luis García Ballester.
250 _a[3ª ed.].
260 _aBarcelona :
_bAriel,
_c1974.
300 _a159 p. ;
_c18 cm.
700 1 _aGarcía Ballester, Luis,
_d1936-2000
_954214
852 _aES-MaACL
_jE-7368
_bR.91276
999 _c93906
_d93906